000 00453nam a2200181Ia 4500
008 130318s9999 xx 000 0 und d
020 _a8126505818
082 _a006.74P NAR/B
100 _aNaramore, Elizabeth
245 _aBeginning PHP 5, apache, mysQL and web development
260 _bWiley
_aNew Delhi
_c2005
300 _a798
650 _aAPACHE
650 _aMYSQL
650 _aPHP
700 _aGerner, Jason
700 _aScouarnec, Yann Le
999 _c871
_d871